[Event "Croatian junior league 2021"]
[Site "Rabac"]
[Date "2021.04.10"]
[Round "10.7"]
[White "Juric, Ester"]
[Black "Mijic, Karlo"]
[Result "0-1"]
[WhiteElo "1587"]
[BlackElo "1599"]
[Annotator "NA RC"]
[PlyCount "120"]
[EventDate "2021.04.06"]
[EventType "swiss"]
[EventCountry "CRO"]
[SourceTitle "playchess.com"]
[Source "ChessBase"]
[SourceQuality "1"]
[TimeControl "5400+30"]

1. d4 {[%emt 0:00:00]} Nf6 {[%emt 0:02:09]} 2. c4 {[%emt 0:00:00]} e6 {[%emt 0:00:03]} 3. Nc3 {[%emt 0:00:00]} Bb4 {[%emt 0:00:03]} 4. Bd2 {[%emt 0:00:08]} O-O {[%emt 0:03:33]} 5. e3 {[%emt 0:00:23]} d5 {[%emt 0:01:08]} 6. Bd3 {[%emt 0:02:22]} b6 {[%emt 0:00:07]} 7. Nf3 {[%emt 0:00:07]} Ba6 {[%emt 0:00:04]} 8. Qe2 {[%emt 0:03:03]} Be7 {[%emt 0:16:16]} 9. cxd5 {[%emt 0:01:42]} Bxd3 {[%emt 0:00:08]} 10. Qxd3 {[%emt 0:00:06]} Nxd5 {[%emt 0:00:06]} 11. Nxd5 {[%emt 0:01:13]} Qxd5 {[%emt 0:02:19]} 12. O-O {[%emt 0:03:20]} c5 {[%emt 0:02:04]} 13. Qe2 {[%emt 0:05:10]} Nd7 {[%emt 0:07:31]} 14. dxc5 {[%emt 0:06:41]} Nxc5 {[%emt 0:00:34]} 15. Rfd1 {[%emt 0:00:11]} Qb7 {[%emt 0:00:31]} 16. Rac1 {[%emt 0:02:44]} Rfd8 {[%emt 0:00:08]} 17. Bc3 {[%emt 0:02:13]} Ne4 {[%emt 0:01:46]} 18. Bd4 {[%emt 0:03:41]} Bc5 {[%emt 0:00:45]} 19. Bxc5 {[%emt 0:03:28]} Nxc5 {[%emt 0:00:09]} 20. Nd4 {[%emt 0:04:11]} e5 {[%emt 0:08:01]} 21. Nf5 {[%emt 0:06:30]} e4 {[%emt 0:06:24]} 22. Qg4 {[%emt 0:12:17]} g6 {[%emt 0:02:28]} 23. b3 {[%emt 0:21:36]} Kh8 {[%emt 0:06:07]} 24. Nd4 {[%emt 0:03:24]} Rac8 {[%emt 0:02:29]} 25. h3 {[%emt 0:02:50]} Nd3 {[%emt 0:01:14]} 26. Rxc8 {[%emt 0:00:25]} Rxc8 {[%emt 0:00:05]} 27. Qg5 {[%emt 0:03:56]} Rc5 {[%emt 0:03:55]} 28. Qf6+ {[%emt 0:02:50]} Kg8 {[%emt 0:00:06]} 29. a3 {[%emt 0:04:24]} Qc7 {[%emt 0:01:01]} 30. a4 {[%emt 0:01:02]} Rc1 {[%emt 0:01:42]} 31. Rxc1 {[%emt 0:00:03]} Qxc1+ {[%emt 0:00:07]} 32. Kh2 {[%emt 0:00:01]} Qc7+ {[%emt 0:05:34]} 33. Kg1 {[%emt 0:00:20]} Qe5 {[%emt 0:01:22]} 34. Qxe5 {[%emt 0:03:34]} Nxe5 {[%emt 0:00:07]} 35. Kf1 {[%emt 0:00:27]} Kf8 {[%emt 0:01:01]} 36. Ke2 {[%emt 0:00:07]} Ke7 {[%emt 0:00:33]} 37. Kd2 {[%emt 0:01:57]} a6 {[%emt 0:01:20]} 38. Kc3 {[%emt 0:01:37]} Kd6 {[%emt 0:00:07]} 39. f3 {[%emt 0:00:24]} exf3 {[%emt 0:00:52]} 40. gxf3 {[%emt 0:00:00]} f5 {[%emt 0:00:52]} 41. b4 {[%emt 0:00:47]} Kd5 {[%emt 0:01:01]} 42. h4 {[%emt 0:00:39]} h5 {[%emt 0:00:45]} 43. f4 {[%emt 0:00:40]} Ng4 {[%emt 0:00:47]} 44. Kd3 {[%emt 0:00:18]} Nf2+ {[%emt 0:00:06]} 45. Ke2 {[%emt 0:00:19]} Ne4 {[%emt 0:00:26]} 46. Kd3 {[%emt 0:00:33]} Nd6 {[%emt 0:00:35]} 47. b5 {[%emt 0:01:01]} axb5 {[%emt 0:02:09]} 48. axb5 {[%emt 0:00:01]} Kc5 {[%emt 0:00:12]} 49. Nf3 {[%emt 0:00:23]} Kxb5 {[%emt 0:00:45]} 50. Ne5 {[%emt 0:00:06]} Ka4 {[%emt 0:01:04]} 51. Nxg6 {[%emt 0:00:56]} b5 {[%emt 0:00:04]} 52. Ne5 {[%emt 0:00:03]} b4 {[%emt 0:00:09]} 53. Nf3 {[%emt 0:00:56]} Ka3 {[%emt 0:00:52]} 54. Nd2 {[%emt 0:00:22]} b3 {[%emt 0:00:36]} 55. Nxb3 {[%emt 0:00:12]} Kxb3 {[%emt 0:00:05]} 56. Kd4 {[%emt 0:00:36]} Ne4 {[%emt 0:00:03]} 57. Ke5 {[%emt 0:00:21]} Ng3 {[%emt 0:00:03]} 58. e4 {[%emt 0:01:29]} fxe4 {[%emt 0:00:06]} 59. f5 {[%emt 0:00:02]} e3 {[%emt 0:00:06]} 60. f6 {[%emt 0:00:07]} e2 {[%emt 0:00:03]} 0-1

[Event "Croatian junior league 2021"]
[Site "Rabac"]
[Date "2021.04.10"]
[Round "10.8"]
[White "Bedic, Noemi"]
[Black "Markovic, Marko"]
[Result "0-1"]
[WhiteElo "1587"]
[BlackElo "2232"]
[Annotator "TA"]
[PlyCount "112"]
[EventDate "2021.04.06"]
[EventType "swiss"]
[EventCountry "CRO"]
[SourceTitle "playchess.com"]
[Source "ChessBase"]
[SourceQuality "1"]

{[%evp 14,112,-12,-18,-5,2,31,20,26,2,0,-45,-18,-35,0,-38,-40,-71,-8,-14,-7,-17,-22,-20,0,0,0,-9,0,-8,-4,-14,-15,-23,-19,-22,-18,-37,-20,-30,-20,-169,-177,-193,-223,-227,-227,-216,-206,-246,-243,-472,-457,-422,-282,-318,-292,-288,-277,-264,-255,-419,-424,-595,-581,-607,-344,-732,-654,-879,-511,-473,-358,-460,-469,-468,-445,-695,-618,-928,-928,-764,-907,-977,-369,-1912,-923,-1743,-1208,-3799,-1218,-29989,-29990,-29990,-29991,-29991,-29992,-29996,-29997,-29997,-2236]} 1. e4 c5 2. Nc3 Nc6 3. f4 g6 4. Nf3 Bg7 5. Bb5 Nd4 6. O-O Nxb5 7. Nxb5 a6 8. Nc3 d6 {B23: Closed Sicilian: Lines without g3.} 9. a4 e6 10. d3 Ne7 {The position is equal.} 11. Qe1 O-O 12. Kh1 {[#]} Nc6 $146 ({Predecessor:} 12... b6 13. Bd2 Bb7 14. Rb1 Nc6 15. Ne2 Rc8 16. Bc3 f6 17. f5 exf5 18. exf5 Re8 19. fxg6 hxg6 {½-½ (45) Bade,H (2047)-Rust Lux,K (2104) Germany 2014}) 13. e5 d5 14. Qf2 b6 15. Rd1 Qe7 ({Better is} 15... f6 $17) 16. Ne2 $11 f6 17. exf6 Bxf6 18. d4 Bb7 19. Be3 {[%cal Rd4c5]} c4 20. Nc3 Rae8 21. Re1 Qd7 22. Re2 Bc8 23. Rae1 Qd6 24. Ne5 Bg7 25. Bc1 Nxe5 26. dxe5 Qc6 27. Be3 {[#] White does not recover from this.} (27. Qg3 $11 {and White has nothing to worry.}) 27... Bxe5 $1 $19 {[%mdl 576] Pin} 28. Bxb6 (28. Qg3 Bg7) 28... Bxf4 {Strongly threatening ...Bc7.} ({Don't do} 28... Rxf4 29. Qc5 $17) 29. Qc5 {[#]} Qd7 30. a5 Bd6 31. Qd4 Bb7 32. Qg4 $2 (32. Qd1 {was necessary.}) 32... Rf4 33. Qh3 Rf5 34. Qe3 Rh5 35. h3 e5 36. Kg1 Rf8 37. Qg3 $2 (37. Qd2 d4 38. Ne4) 37... Rhf5 38. Nd1 (38. Rd1 $142 e4 39. Qe1) 38... d4 39. Nf2 Qf7 40. Rf1 $2 (40. b3) 40... Bb8 {...e4 is the strong threat.} 41. Qh4 Rh5 42. Qg4 h6 {And now ...Rg5 would win.} 43. h4 {Now Bc5 and White clings on.} Rf5 44. Bc5 Rc8 45. Bb4 (45. Bb6 $142) 45... e4 46. Ree1 h5 47. Qh3 Re8 48. Bc5 Bc8 $2 (48... e3 49. Nh1 Rxf1+ 50. Rxf1 Qd5) 49. Qh1 $2 (49. Bxd4 Qc7 50. Bb6) 49... Qd5 (49... e3 $142 50. Nh3 Bg3 51. Rxf5 Qxf5 {[%mdl 64] Double Attack} 52. Bxd4 Bxe1) 50. Bb6 Bg3 {White must now prevent ...e3.} 51. Rd1 Ref8 (51... e3 $142 52. Bc7 exf2+ 53. Rxf2 Bxf2+ 54. Kh2 Re2 55. Rf1 Qe4 56. Bg3 Bxg3+ 57. Kxg3 Qe5+ 58. Rf4 Qxf4+ 59. Kh3 Rxa5+ {[%mdl 64] Discovered Attack} 60. g4 hxg4#) 52. Bxd4 {[#]} Rxf2 $1 {[%mdl 576] Remove Defender, Deflection. Black mates.} 53. Bxf2 Bxf2+ 54. Rxf2 Qxd1+ 55. Rf1 Rxf1+ 56. Kh2 Rxh1+ {Weighted Error Value: White=0.99/Black=0.63} 0-1

[Event "Croatian junior league 2021"]
[Site "Rabac"]
[Date "2021.04.10"]
[Round "10.9"]
[White "Cvitan, Ena"]
[Black "Alfirevic, Duje"]
[Result "1-0"]
[WhiteElo "2263"]
[BlackElo "1996"]
[Annotator "TA"]
[PlyCount "65"]
[EventDate "2021.04.06"]
[EventType "swiss"]
[EventCountry "CRO"]
[SourceTitle "playchess.com"]
[Source "ChessBase"]
[SourceQuality "1"]

{[%evp 13,65,-8,58,29,127,118,175,133,202,154,222,112,188,181,151,-27,165,84,84,69,154,99,100,72,89,66,79,48,45,47,37,10,56,56,80,47,110,97,219,165,159,132,416,393,464,398,578,558,541,526,500,500,599,564]} 1. d4 Nf6 2. c4 g6 3. Nc3 d5 4. Bf4 Bg7 5. Rc1 O-O 6. e3 c5 7. dxc5 Qa5 (7... Be6 $11) 8. cxd5 $14 {D83: Grünfeld: 4 Bf4 Bg7 5 e3 0-0.} Qxc5 {8...Nbd7 is the modern continuation.} (8... Rd8 $11) 9. Nf3 Bf5 {[#]} (9... Bg4 $16) 10. Be2 $146 {White is clearly better.} ({Predecessor:} 10. Bd3 Bxd3 11. Qxd3 Nbd7 12. O-O Nb6 13. Rfd1 Rac8 14. e4 Rfd8 15. Qe2 Qa5 16. h3 {0-1 (25) Pandey,S (2026)-Golsta,M (1941) chess.com INT 2020}) 10... Na6 (10... Qb6 $16) 11. O-O Rac8 (11... Qb6 $16 12. Nd4 Rfc8 13. Nxf5 gxf5) 12. a3 (12. d6 $18 Qb4 13. dxe7) 12... Qa5 (12... Ne4 $16) 13. Be5 $18 Rfd8 {[%cal Rf6d5]} 14. Qd4 ({White should try} 14. e4 $16 Bg4 15. Re1) 14... Qb6 $2 (14... Nxd5 $11 15. Bxg7 Nxc3 16. Qxc3 Rxc3 17. Bxc3 Qa4) 15. b4 (15. Qh4 $18) 15... Qxd4 $16 16. Nxd4 {Black must now prevent Nc6!} Ne4 (16... Rxc3 $1 $14 17. Rxc3 Nxd5 18. Nxf5 Nxc3 19. Nxe7+ Kf8 20. Bxg7+ Kxg7) 17. Nxe4 (17. Nxf5 $142 gxf5 18. Bxg7 Kxg7 19. Nxe4 fxe4 20. f3) 17... Bxe5 18. Bxa6 (18. Nxf5 {with more complications.} gxf5 19. Ng3 f4 20. Rxc8 Rxc8 21. Nf5) 18... bxa6 19. Rxc8 (19. Nxf5 {is interesting.} gxf5 20. Ng3 e6 21. Rxc8 Rxc8 22. Rd1) 19... Rxc8 20. Nc5 {Threatens to win with Nc6.} (20. Nxf5 {seems wilder.} gxf5 21. Ng3 Bxg3 22. fxg3 Rc3 23. Rxf5 Rxa3 24. Kf2) 20... Bxd4 21. exd4 $14 {[%mdl 4096] Endgame KRB-KRN} Rd8 22. Re1 (22. Rd1 {keeps more tension.} Rxd5 23. Nxa6 e5 24. Nb8 Bc2 25. Rc1) 22... Rxd5 (22... Kf8 {looks sharper.} 23. Nxa6 Rxd5 24. Rd1 e5 25. Nc5 exd4 26. f3 Ke7) 23. Rxe7 Rxd4 {( -> ...Rd1+)} 24. h3 (24. f3 {is more complex.} a5 25. g4 Bb1 26. bxa5 Rc4 27. Na6) 24... Rd1+ (24... a5 $1 $14) 25. Kh2 $16 Ra1 (25... a5 $16 {keeps fighting.}) 26. Rxa7 Rxa3 27. Rxa6 Rc3 {[%mdl 8192] [#]} (27... Rxa6 $16 28. Nxa6 Bd7) 28. Rc6 $1 $18 Rc2 29. b5 {[%cal Bb4b5,Bb5b6,Bb6b7][%mdl 32]} Rxf2 (29... Rb2 $142 30. b6 Kf8) 30. b6 {White is clearly winning.} Rb2 {If only Black now had time for ...Be6....} 31. b7 Kg7 32. Rc7 Rb6 {[#]} 33. Na6 $1 {[%mdl 512] Weighted Error Value: White=0.31/Black=0.78} 1-0

[Event "Croatian junior league 2021"]
[Site "Rabac"]
[Date "2021.04.10"]
[Round "10.10"]
[White "Vucenovic, Damian"]
[Black "Ghersinich, Enrico"]
[Result "1-0"]
[WhiteElo "2008"]
[BlackElo "2186"]
[Annotator "TA"]
[PlyCount "103"]
[EventDate "2021.04.06"]
[EventType "swiss"]
[EventCountry "CRO"]
[SourceTitle "playchess.com"]
[Source "ChessBase"]
[SourceQuality "1"]

{[%evp 9,103,38,45,51,46,49,65,62,196,71,71,62,86,50,42,36,36,36,74,39,83,39,99,53,76,22,42,18,33,0,33,0,244,242,236,241,269,271,457,385,394,406,519,520,502,528,529,411,455,429,1408,1403,1366,312,279,0,127,130,127,112,122,124,129,125,159,161,212,202,331,310,353,356,347,331,385,385,385,385,521,524,500,498,944,951,938,825,1742,1635,29980,1870,29985,29986,29988,29989,29989,29990]} 1. e4 c5 2. Nf3 d6 3. c3 Nf6 4. Bd3 e6 5. Bc2 Be7 6. O-O {B50: Sicilian: 2...d6, Miscellaneous.} Nbd7 7. d4 {[#]} h6 $146 ({Predecessor:} 7... Qc7 8. Re1 e5 9. dxe5 dxe5 10. c4 O-O 11. Nc3 a6 12. Qe2 h6 13. Nd2 Nb8 {1-0 (46) Romero Holmes,A (2465)-Vila Gazquez,X (2471) Barcelona 2015}) 8. Re1 {White is slightly better.} O-O (8... cxd4 $14 9. cxd4 b5) 9. Qd3 (9. e5 $1 $18 {is the precise move to win.}) 9... e5 $16 10. d5 a6 11. Nbd2 b5 12. Nf1 c4 13. Qe2 Nc5 14. Ng3 Re8 15. h3 Bf8 ({Better is} 15... Bd7 $14) 16. Be3 Qc7 17. Qd2 (17. b4 $16 Na4 18. Bxa4 bxa4 19. Nd2) 17... Bd7 18. Nh4 a5 19. Rf1 Qc8 20. Kh2 Nfxe4 $2 21. Nxe4 $18 Nxe4 22. Bxe4 f5 {[#]} 23. Bb1 f4 $2 {[#]} (23... Be7) 24. Qc2 $1 e4 25. Bd4 Qb7 26. f3 Qxd5 27. fxe4 Qg5 28. Nf3 Qg3+ 29. Kh1 {Black must now prevent e5.} Bc6 (29... Qg6 $142 30. e5 Qxc2 31. Bxc2 Ra6) 30. e5 dxe5 31. Nxe5 $2 (31. Qh7+ Kf7 32. Bf2 Qxh3+ 33. gxh3 Bxf3+ 34. Kh2) 31... Rxe5 32. Qh7+ (32. Bxe5 $18 {and the rest is easy. Threatens to win with Qh7+.} Qxh3+ 33. Kg1 Qe3+ 34. Rf2 Qxe5 35. Qh7+ Kf7 36. Qg6+ {[%mdl 64] Double Attack} Kg8 37. Qh7+ Kf7 38. Qg6+ {[%mdl 64] Double Attack} Kg8 39. Qxc6) 32... Kf7 $16 {[%csl Gc6][%cal Rg3g2] [#]} 33. Qg6+ $1 {[%mdl 512] Black is on the road to losing.} Qxg6 34. Bxg6+ Kxg6 35. Bxe5 f3 36. gxf3 Re8 {[#]} 37. Rae1 b4 (37... Kf7 {was called for.} 38. Kg2 Re6) 38. Kg2 Rd8 (38... b3 $142 39. a3 Kf7) 39. Rd1 Rd3 40. Rxd3 cxd3 $18 {[%mdl 4096] Endgame KRB-KB} 41. Rd1 Bb5 42. b3 Kf5 {[#]} 43. c4 $1 Kxe5 (43... Bxc4 44. Bxg7) 44. cxb5 {KR-KB} Kd4 45. b6 Kc3 (45... Bc5 $142 46. b7 Ba7) 46. Rc1+ Kb2 47. Rc8 ({Don't go for} 47. Rd1 $2 Kc2 $19) 47... d2 48. Rd8 Bc5 49. Rxd2+ (49. b7 $142 Kc2 50. b8=Q d1=Q 51. Rxd1 Kxd1 52. Qe5 Bf8 53. Qf5 Be7 54. Qd7+ {[%mdl 64] Double Attack} Kc2 55. Qxe7) 49... Ka3 50. b7 {White mates.} Ba7 51. Rd8 Kxa2 52. Ra8 {Weighted Error Value: White=0.49/Black=0.81} 1-0

[Event "Croatian junior league 2021"]
[Site "Rabac"]
[Date "2021.04.10"]
[Round "10.11"]
[White "Purini, Bruno"]
[Black "Sagovac, Kristijan"]
[Result "1-0"]
[WhiteElo "1987"]
[BlackElo "1920"]
[Annotator "NA"]
[PlyCount "91"]
[EventDate "2021.04.06"]
[EventType "swiss"]
[EventCountry "CRO"]
[SourceTitle "playchess.com"]
[Source "ChessBase"]
[SourceQuality "1"]
[TimeControl "5400+30"]

1. e4 {[%emt 0:03:12]} c5 {[%emt 0:00:00]} 2. Nf3 {[%emt 0:00:30]} Nc6 {[%emt 0:00:00]} 3. g3 {[%emt 0:01:51]} g6 {[%emt 0:00:00]} 4. Bg2 {[%emt 0:00:05]} Bg7 {[%emt 0:00:00]} 5. O-O {[%emt 0:00:23]} e6 {[%emt 0:00:08]} 6. c3 {[%emt 0:02:39]} Nge7 {[%emt 0:02:21]} 7. d4 {[%emt 0:00:33]} cxd4 {[%emt 0:00:52]} 8. cxd4 {[%emt 0:00:03]} d5 {[%emt 0:00:17]} 9. exd5 {[%emt 0:02:24]} Nxd5 {[%emt 0:00:44]} 10. Nc3 {[%emt 0:03:34]} O-O {[%emt 0:00:40]} 11. a3 {[%emt 0:06:07]} Bd7 {[%emt 0:10:49]} 12. Nxd5 {[%emt 0:01:58]} exd5 {[%emt 0:00:18]} 13. Be3 {[%emt 0:00:11]} Qb6 {[%emt 0:08:03]} 14. b4 {[%emt 0:08:38]} Bg4 {[%emt 0:03:18]} 15. Qd2 {[%emt 0:00:49]} Bxf3 {[%emt 0:04:35]} 16. Bxf3 {[%emt 0:00:03]} Bxd4 {[%emt 0:00:16]} 17. Bxd4 {[%emt 0:03:52]} Nxd4 {[%emt 0:00:54]} 18. Bxd5 {[%emt 0:00:44]} Rad8 {[%emt 0:00:43]} 19. Qa2 {[%emt 0:00:24]} Qb5 {[%emt 0:10:36]} 20. Bg2 {[%emt 0:00:51]} b6 {[%emt 0:05:10]} 21. Rfe1 {[%emt 0:02:10]} Rc8 {[%emt 0:02:31]} 22. Re7 {[%emt 0:03:07]} Qf5 {[%emt 0:05:14]} 23. Qd5 {[%emt 0:07:06]} Qf6 {[%emt 0:01:06]} 24. Qe5 {[%emt 0:04:06]} Qxe5 {[%emt 0:01:12]} 25. Rxe5 {[%emt 0:00:02]} Nc2 {[%emt 0:09:12]} 26. Ra2 {[%emt 0:01:22]} Rc3 {[%emt 0:03:30]} 27. Re7 {[%emt 0:01:06]} Nxa3 {[%emt 0:01:44]} 28. Rxa7 {[%emt 0:08:58]} Nb5 {[%emt 0:10:28]} 29. Rb7 {[%emt 0:00:00]} Rd8 {[%emt 0:00:22]} 30. Bf1 {[%emt 0:00:00]} Rc1 {[%emt 0:01:28]} 31. Kg2 {[%emt 0:00:00]} Nc3 {[%emt 0:04:16]} 32. Raa7 {[%emt 0:00:00]} Ne4 {[%emt 0:01:47]} 33. Rxf7 {[%emt 0:01:57]} Rd2 {[%emt 0:00:26]} 34. Rg7+ {[%emt 0:00:13]} Kh8 {[%emt 0:04:39]} 35. Rxh7+ {[%emt 0:00:20]} Kg8 {[%emt 0:00:02]} 36. Rag7+ {[%emt 0:00:20]} Kf8 {[%emt 0:00:02]} 37. Rf7+ {[%emt 0:00:07]} Kg8 {[%emt 0:00:07]} 38. Rhg7+ {[%emt 0:00:07]} Kh8 {[%emt 0:00:14]} 39. Rxg6 {[%emt 0:04:23]} Rcc2 {[%emt 0:00:14]} 40. Rxb6 {[%emt 0:01:46]} Kg8 {[%emt 0:00:32]} 41. Rf4 {[%emt 0:04:16]} Nxf2 {[%emt 0:00:33]} 42. Bc4+ {[%emt 0:01:00]} Rxc4 {[%emt 0:02:19]} 43. Rxc4 {[%emt 0:00:04]} Ng4+ {[%emt 0:00:37]} 44. Kh3 {[%emt 0:00:28]} Nxh2 {[%emt 0:00:28]} 45. Rc8+ {[%emt 0:00:14]} Kf7 {[%emt 0:00:00]} 46. Rc7+ {[%emt 0:00:04]} 1-0

[Event "Croatian junior league 2021"]
[Site "Rabac"]
[Date "2021.04.10"]
[Round "10.12"]
[White "Dumancic, Simun"]
[Black "Duda, Daniel"]
[Result "1-0"]
[WhiteElo "1883"]
[BlackElo "1968"]
[Annotator "TA"]
[PlyCount "121"]
[EventDate "2021.04.06"]
[EventType "swiss"]
[EventCountry "CRO"]
[SourceTitle "playchess.com"]
[Source "ChessBase"]
[SourceQuality "1"]

{[%evp 11,121,22,13,-6,2,-10,-4,0,5,10,12,-31,-10,-23,-20,-13,-17,-12,-19,-17,13,20,22,27,25,22,13,8,37,31,37,16,18,23,25,21,21,18,29,38,27,28,53,39,85,83,159,90,90,90,90,90,90,90,90,90,95,55,140,100,101,101,125,125,135,123,235,235,235,234,1918,317,29954,29944,29958,29960,29955,29955,29966,29965,29968,29969,29969,29967,29967,29968,29967,29968,29970,29971,29966,29959,29961,896,903,901,894,576,558,494,346,172,29988,29989,29991,29992,29992,29993,29994,29993,29995,866]} 1. e4 c6 2. d4 d5 3. Nc3 dxe4 4. Nxe4 Nf6 5. Ng3 g6 6. Nf3 Bg7 7. Bd3 {B15: Caro-Kann: 3 Nc3: 3...g6 and 3...dxe4 4 Nxe4 Nf6 5 Nxf6+ exf6.} O-O 8. O-O Bg4 9. c3 {The position is equal.} Nbd7 10. Re1 Re8 11. h3 Bxf3 12. Qxf3 e5 {[#]} 13. Be3 $146 ({Predecessor:} 13. Bg5 exd4 14. cxd4 Qb6 15. Ne2 h6 16. Be3 Nd5 17. Bc4 N7f6 18. Bb3 a5 19. Nc3 {½-½ (40) Topic,J (2000)-Cojhter,K (2054) Sentjur 2013}) 13... Nd5 14. Bc4 N7b6 15. Bb3 Qc7 (15... exd4 {with more complications.} 16. Bxd4 Bxd4 17. cxd4 a5 18. Ne4 a4) 16. dxe5 Nxe3 17. Rxe3 Rxe5 18. Rxe5 Bxe5 19. Re1 Rf8 20. Ne4 c5 21. Rd1 c4 22. Bc2 Rd8 23. h4 Rxd1+ 24. Qxd1 Qe7 25. g3 f5 26. Ng5 f4 27. Kg2 h6 28. Nf3 g5 (28... fxg3 $142 29. fxg3 (29. Nxe5 Qxe5 30. Qf3 gxf2 $14) 29... Kg7) 29. Qe1 (29. hxg5 $142 hxg5 30. a4) 29... Bf6 $16 {[#] aiming for ...g4.} 30. Qxe7 Bxe7 31. hxg5 hxg5 32. gxf4 gxf4 {[%mdl 4096] Endgame KBN-KBN} 33. Nd2 Kf7 34. Kf3 Bd6 ({Black should try} 34... Ke6 $14) 35. Ne4 Bc7 36. Nc5 Kf6 37. Ke4 Nc8 38. Nxb7 Nd6+ (38... Ke6 $16 {was worth a try.} 39. Ba4 Bb6) 39. Nxd6 $18 Bxd6 {KB-KB} 40. Kd5 Bc7 (40... Ke7 41. Kxc4 Kd8) 41. Kxc4 $2 (41. f3 Bb6 42. Kxc4) 41... Ke5 $2 (41... f3 $18 42. Be4 Kg5) 42. f3 Bb6 43. Be4 Kd6 44. Kb5 Be3 45. b4 Bf2 46. c4 Kc7 47. Ka6 Kb8 48. c5 Be3 49. Kb5 Kc7 50. a4 Bf2 51. Kc4 Be3 52. b5 (52. a5 $142 Kb8 53. b5 Bd2 54. a6 Be1 55. b6 Bh4 56. c6 Bd8 57. c7+ Bxc7 58. bxc7+ Kxc7 59. Kd5) 52... Bd2 53. Kd5 Bc3 54. Ke6 Bd2 55. Ke5 Be3 56. a5 (56. c6 $142) 56... Bd2 {[#]} (56... Bxc5 $18 57. Kxf4 Kd6) 57. b6+ {[%mdl 64] Double Attack. White mates.} Kb8 58. c6 axb6 59. axb6 Be3 60. c7+ Kc8 61. Bf5+ {Weighted Error Value: White=0.27/Black=0.31} (61. Kd6 $142 Bxb6 62. Bf5+ Kb7 63. c8=Q+ Ka7 64. Kc6 Bg1 65. Qb7#) 1-0

[Event "Croatian junior league 2021"]
[Site "Rabac"]
[Date "2021.04.10"]
[Round "10.13"]
[White "Bunic, Emanuel"]
[Black "Novosel, Marko"]
[Result "1/2-1/2"]
[WhiteElo "1839"]
[BlackElo "2130"]
[Annotator "NA RC"]
[PlyCount "98"]
[EventDate "2021.04.06"]
[EventType "swiss"]
[EventCountry "CRO"]
[SourceTitle "playchess.com"]
[Source "ChessBase"]
[SourceQuality "1"]
[TimeControl "5400+30"]

1. d4 {[%emt 0:00:00]} Nf6 {[%emt 0:00:00]} 2. c4 {[%emt 0:00:00]} e5 {[%emt 0:00:00]} 3. dxe5 {[%emt 0:00:13]} Ng4 {[%emt 0:00:00]} 4. Bf4 {[%emt 0:00:45]} Nc6 {[%emt 0:01:34]} 5. Nf3 {[%emt 0:00:34]} Bb4+ {[%emt 0:00:08]} 6. Nbd2 {[%emt 0:00:46]} Qe7 {[%emt 0:00:11]} 7. e3 {[%emt 0:01:11]} Ngxe5 {[%emt 0:00:31]} 8. Nxe5 {[%emt 0:00:46]} Nxe5 {[%emt 0:00:38]} 9. Be2 {[%emt 0:00:35]} d6 {[%emt 0:00:54]} 10. O-O {[%emt 0:00:49]} Bxd2 {[%emt 0:00:31]} 11. Qxd2 {[%emt 0:00:25]} h5 {[%emt 0:04:09]} 12. Qd4 {[%emt 0:06:25]} c5 {[%emt 0:20:35]} 13. Qc3 {[%emt 0:06:36]} Bd7 {[%emt 0:03:17]} 14. Bxe5 {[%emt 0:10:54]} dxe5 {[%emt 0:20:08]} 15. Rfd1 {[%emt 0:21:13]} f6 {[%emt 0:03:52]} 16. Qd3 {[%emt 0:01:28]} O-O-O {[%emt 0:01:22]} 17. Qd6 {[%emt 0:04:13]} Qxd6 {[%emt 0:00:54]} 18. Rxd6 {[%emt 0:00:12]} h4 {[%emt 0:04:11]} 19. Rad1 {[%emt 0:11:33]} Bc6 {[%emt 0:03:16]} 20. Rxd8+ {[%emt 0:04:40]} Rxd8 {[%emt 0:00:19]} 21. Rxd8+ {[%emt 0:00:44]} Kxd8 {[%emt 0:00:07]} 22. f3 {[%emt 0:01:49]} Ke7 {[%emt 0:04:15]} 23. e4 {[%emt 0:01:53]} g6 {[%emt 0:05:29]} 24. Bd3 {[%emt 0:01:11]} Bd7 {[%emt 0:02:01]} 25. Kf2 {[%emt 0:01:20]} f5 {[%emt 0:00:21]} 26. g3 {[%emt 0:01:13]} hxg3+ {[%emt 0:01:10]} 27. hxg3 {[%emt 0:00:35]} f4 {[%emt 0:02:38]} 28. g4 {[%emt 0:01:18]} Kf6 {[%emt 0:04:00]} 29. Bf1 {[%emt 0:01:20]} a6 {[%emt 0:03:51]} 30. Bd3 {[%emt 0:01:38]} Kg5 {[%emt 0:02:32]} 31. b3 {[%emt 0:02:27]} Kf6 {[%emt 0:09:19]} 32. Ke1 {[%emt 0:00:49]} Ke6 {[%emt 0:01:37]} 33. Kd2 {[%emt 0:00:36]} Kd6 {[%emt 0:00:13]} 34. Kc3 {[%emt 0:00:51]} Kc6 {[%emt 0:00:39]} 35. Be2 {[%emt 0:00:24]} Kb6 {[%emt 0:00:20]} 36. Bf1 {[%emt 0:01:03]} Ka5 {[%emt 0:01:47]} 37. Be2 {[%emt 0:00:40]} b5 {[%emt 0:00:38]} 38. Bf1 {[%emt 0:02:16]} g5 {[%emt 0:00:23]} 39. Be2 {[%emt 0:00:59]} Bc6 {[%emt 0:01:00]} 40. Bf1 {[%emt 0:00:38]} Bd7 {[%emt 0:00:29]} 41. Be2 {[%emt 0:00:45]} Be6 {[%emt 0:00:07]} 42. Bf1 {[%emt 0:00:44]} Kb6 {[%emt 0:00:57]} 43. Be2 {[%emt 0:01:26]} Bd7 {[%emt 0:00:29]} 44. Bf1 {[%emt 0:00:51]} Be8 {[%emt 0:00:26]} 45. Be2 {[%emt 0:00:26]} Ka5 {[%emt 0:00:15]} 46. Bf1 {[%emt 0:00:28]} Kb6 {[%emt 0:00:30]} 47. Be2 {[%emt 0:00:29]} Bf7 {[%emt 0:00:22]} 48. Bf1 {[%emt 0:00:24]} Be6 {[%emt 0:00:55]} 49. Be2 {[%emt 0:00:13]} Bf7 {[%emt 0:00:31]} 1/2-1/2